Japońscy skoczkowie narciarscy z punktami PŚ w sezonie 2025/26 - Statystyki

Ogólne statystyki
  • Ten quiz został rozwiązany 27 razy
  • Średni wynik to 8 z 8
Statystyki odpowiedzi
Miejsce w PŚ Skoczek narciarski Liczba punktów % Poprawnych
70. Junshiro Kobayashi 4
100%
2. Ryoyu Kobayashi 1194
100%
49. Sakutaro Kobayashi 40
100%
14. Naoki Nakamura 579
96%
75. Keiichi Sato 1
93%
4. Ren Nikaido 1109
93%
34. Yukiya Sato 148
93%
21. Tomofumi Naito 401
85%
Nie znaleziono quizów pasujących do podanych kryteriów
Rozkład punktacji
Procent ludzi z każdym wynikiem
Percentyl według liczby udzielonych odpowiedzi
Twoja historia wyników
Nie rozwiązałeś tego quizu